00598cam a22002291 4500001001300000003000400013005001700017008004100034010001700075025001900092035002000111040001800131042001200149050001600161100003900177245003500216260001000251300001900261440005000280500001700330650002100347sa 65004171 DLC20260227112128.0891005s1964 ii 000 0 gujo  asa 65004171  aPL480:I-Gu-413 a(OCoLC)20443258 aDLCcWaUdDLC apremarc00aPK1852b.M31 aMāṅkaḍa, Dolararāya Raṃ.10aGujarātī kāvyaprakāro. c1964. a219 p.c19 cm. 0aThakkar Vassonji Madhavji lectures ;v1957-58 aIn Gujarati. 0aGujarati poetry.